[Event "NED-chT 1112"]
[Site "Netherlands"]
[Date "2012.03.31"]
[Round "8.1"]
[White "Pliester, Leon"]
[Black "Swinkels, Robin"]
[Result "0-1"]
[WhiteElo "2392"]
[BlackElo "2494"]
[PlyCount "80"]
[EventDate "2011.09.17"]
[EventType "team-tourn"]
[EventRounds "9"]
[EventCountry "NED"]
[SourceTitle "EXT 2013"]
[Source "ChessBase"]
[SourceDate "2012.11.22"]
[SourceVersion "1"]
[SourceVersionDate "2012.11.22"]
[SourceQuality "1"]
[WhiteTeam "BSG"]
[BlackTeam "Utrecht"]
[WhiteTeamCountry "NED"]
[BlackTeamCountry "NED"]

1. e4 c5 2. Nf3 e6 3. d4 cxd4 4. Nxd4 Nc6 5. Nc3 Qc7 6. Be2 a6 7. 0-0 Nf6 8. Be3 Bb4 9. Nxc6 bxc6 10. Na4 Be7 11. Bf3 Rb8 12. c4 c5 13. Re1 d6 14. Bg5 Nd7 15. Bxe7 Kxe7 16. Qd2 f6 17. Rac1 Ne5 18. Rc3 Bd7 19. Bd1 Qa5 20. f4 Nxc4 21. Qf2 Nxb2 22. Qg3 g6 23. Nxb2 Rxb2 24. e5 Bc6 25. Bc2 fxe5 26. fxe5 d5 27. Rf1 d4 28. Qg5+ Kd7 29. Rf7+ Kc8 30. Qe7 Re8 31. Rf8 Rxf8 32. Qxf8+ Kb7 33. Qe7+ Qc7 34. Qxc7+ Kxc7 35. Rxc5 Kb6 36. Rc4 Bb5 37. Rc8 Kb7 38. Rc5 d3 39. Rxb5+ axb5 40. Bxd3 Kb6 0-1

[Event "BL2-West 1112"]
[Site "Germany"]
[Date "2011.10.02"]
[Round "1.5"]
[White "Pliester, Leon"]
[Black "Braun, Christian1"]
[Result "0-1"]
[WhiteElo "2392"]
[BlackElo "2392"]
[PlyCount "72"]
[EventDate "2011.10.02"]
[EventType "team-tourn"]
[EventRounds "9"]
[EventCountry "GER"]
[SourceTitle "EXT 2015"]
[Source "ChessBase"]
[SourceDate "2014.11.20"]
[SourceVersion "1"]
[SourceVersionDate "2014.11.20"]
[SourceQuality "1"]
[WhiteTeam "Bochum"]
[BlackTeam "Aachen"]
[WhiteTeamCountry "GER"]
[BlackTeamCountry "GER"]

1. e4 e6 2. Nf3 d5 3. Nc3 Nf6 4. e5 Nfd7 5. d4 c5 6. dxc5 Nc6 7. Bf4 Be7 8. Bd3 Nxc5 9. 0-0 Bd7 10. Re1 a6 11. Qd2 b5 12. a3 0-0 13. Bf1 b4 14. axb4 Nxb4 15. Nd4 Qb6 16. Bg5 f6 17. exf6 Bxf6 18. Nf3 Bxg5 19. Nxg5 Rf5 20. Nf3 Raf8 21. Re5 R5f6 22. Rae1 Be8 23. Nd1 Nc6 24. R5e3 Ne4 25. Qc1 Bh5 26. Be2 h6 27. c4 Qc5 28. Nc3 Bxf3 29. Bxf3 Ng5 30. cxd5 Rxf3 31. gxf3 Nd4 32. dxe6 Ngxf3+ 33. Rxf3 Nxf3+ 34. Kh1 Qh5 35. Kg2 Qg4+ 36. Kf1 Nxh2# 0-1

[Event "Bussum op 28th"]
[Site "Bussum"]
[Date "2011.06.11"]
[Round "3"]
[White "Pliester, Leon"]
[Black "Ypma, Peter"]
[Result "0-1"]
[WhiteElo "2398"]
[BlackElo "2072"]
[PlyCount "82"]
[EventDate "2011.06.10"]
[EventType "swiss"]
[EventRounds "7"]
[EventCountry "NED"]
[SourceTitle "CBM 142 Extra"]
[Source "ChessBase"]
[SourceDate "2011.06.27"]
[SourceVersion "1"]
[SourceVersionDate "2011.06.27"]
[SourceQuality "1"]

1. e4 c5 2. Nf3 e6 3. d4 cxd4 4. Nxd4 a6 5. c4 Qc7 6. Bd3 Nf6 7. 0-0 Bc5 8. Nb3 Be7 9. Nc3 0-0 10. Be3 d6 11. a4 b6 12. a5 bxa5 13. Nxa5 Nc6 14. Nxc6 Qxc6 15. f4 Bb7 16. Qf3 Bd8 17. Qh3 Bb6 18. Rae1 g6 19. Kh1 Bxe3 20. Rxe3 Qc5 21. Re2 Qh5 22. Qxh5 Nxh5 23. Kg1 Nf6 24. e5 dxe5 25. fxe5 Nd7 26. Be4 Rab8 27. Bxb7 Rxb7 28. Ne4 Kg7 29. Nd6 Rb6 30. Rd1 Nc5 31. g4 g5 32. Rf2 Kg8 33. Rd4 Rb3 34. Rdd2 Re3 35. Rfe2 Rxe2 36. Rxe2 Rb8 37. Rc2 Rb3 38. Kg2 a5 39. Ne8 Nd3 40. Nf6+ Kg7 41. Re2 Nf4+ 0-1

[Event "BL2-West 1011"]
[Site "Germany"]
[Date "2011.04.10"]
[Round "9.5"]
[White "Pliester, Leon"]
[Black "Wegener, Olaf"]
[Result "1-0"]
[WhiteElo "2371"]
[BlackElo "2429"]
[PlyCount "103"]
[EventDate "2010.10.10"]
[EventType "team-tourn"]
[EventRounds "9"]
[EventCountry "GER"]
[SourceTitle "EXT 2012"]
[Source "ChessBase"]
[SourceDate "2011.11.24"]
[SourceVersion "1"]
[SourceVersionDate "2011.11.24"]
[SourceQuality "1"]
[WhiteTeam "Bochum SV"]
[BlackTeam "Dortmund Hansa"]
[WhiteTeamCountry "GER"]
[BlackTeamCountry "GER"]

1. e4 c5 2. Nf3 d6 3. d4 cxd4 4. Nxd4 Nf6 5. Nc3 a6 6. Be2 e5 7. Nb3 Be7 8. 0-0 0-0 9. f4 b5 10. a4 Bb7 11. axb5 axb5 12. Rxa8 Bxa8 13. Nd5 Nxd5 14. exd5 Qb6+ 15. Kh1 Nd7 16. Qd3 Nf6 17. Qxb5 Qxb5 18. Bxb5 Nxd5 19. fxe5 dxe5 20. c4 Nc7 21. Ba4 Rd8 22. Na5 Rd6 23. Bc2 Ne6 24. b4 Rd4 25. b5 Rg4 26. Bf5 Rxg2 27. Nc6 Re2 28. Bd3 Ra2 29. Be4 Bd6 30. h4 g6 31. Bd5 Ra1 32. Kg2 Ra2+ 33. Kh3 e4 34. Rh1 Rc2 35. Bh6 Bb7 36. Bxe4 Rxc4 37. Re1 Bc8 38. Kg2 Rc5 39. Rd1 Bf8 40. Bxf8 Kxf8 41. Na7 Rc4 42. Bc6 Nf4+ 43. Kf2 Bf5 44. b6 Rb4 45. b7 Nd3+ 46. Rxd3 Bxd3 47. Bb5 Bxb5 48. b8Q+ Kg7 49. Qe5+ Kg8 50. Nxb5 Rxh4 51. Nd6 Rg4 52. Qf6 1-0

[Event "Oberliga NRW 0910"]
[Site "Germany"]
[Date "2010.02.21"]
[Round "7.4"]
[White "Alles, Christoph"]
[Black "Pliester, Leon"]
[Result "0-1"]
[WhiteElo "1945"]
[BlackElo "2365"]
[PlyCount "84"]
[EventDate "2009.09.20"]
[EventType "team-tourn"]
[EventRounds "9"]
[EventCountry "GER"]
[SourceTitle "EXT 2011"]
[Source "ChessBase"]
[SourceDate "2010.11.26"]
[SourceVersion "1"]
[SourceVersionDate "2010.11.26"]
[SourceQuality "1"]
[WhiteTeam "Castrop Rauxel"]
[BlackTeam "Bochum"]
[WhiteTeamCountry "GER"]
[BlackTeamCountry "GER"]

1. e4 e5 2. Nf3 Nc6 3. Bb5 Nf6 4. d3 d6 5. h3 Bd7 6. Nc3 g6 7. Be3 Bg7 8. Qd2 0-0 9. 0-0-0 a6 10. Bxc6 Bxc6 11. Bh6 Re8 12. Bxg7 Kxg7 13. Nh2 h6 14. Ng4 Nxg4 15. hxg4 Qg5 16. Qxg5 hxg5 17. f3 Rh8 18. Kd2 b5 19. Ne2 Rad8 20. Ke3 Bb7 21. Ng3 c5 22. Rxh8 Rxh8 23. c3 Rc8 24. Rd2 Kf6 25. b3 Ke6 26. Ne2 d5 27. c4 d4+ 28. Kf2 Bc6 29. g3 Rh8 30. Kg2 Kd6 31. Rd1 bxc4 32. bxc4 Rb8 33. Rd2 a5 34. f4 gxf4 35. gxf4 f5 36. Kf3 fxe4+ 37. dxe4 Rf8 38. Kg3 Bxe4 39. fxe5+ Kxe5 40. Nc1 Rf3+ 41. Kh4 Kf4 42. Nb3 g5+ 0-1

[Event "Oberliga NRW 0910"]
[Site "Germany"]
[Date "2010.01.10"]
[Round "5.5"]
[White "Pliester, Leon"]
[Black "Bonnmann, Reinhard"]
[Result "1-0"]
[WhiteElo "2365"]
[BlackElo "2242"]
[PlyCount "85"]
[EventDate "2009.09.20"]
[EventType "team-tourn"]
[EventRounds "9"]
[EventCountry "GER"]
[SourceTitle "EXT 2011"]
[Source "ChessBase"]
[SourceDate "2010.11.26"]
[SourceVersion "1"]
[SourceVersionDate "2010.11.26"]
[SourceQuality "1"]
[WhiteTeam "Bochum"]
[BlackTeam "Koeln SF"]
[WhiteTeamCountry "GER"]
[BlackTeamCountry "GER"]

1. c4 g6 2. g3 Bg7 3. Bg2 d6 4. Nc3 e5 5. d3 Nc6 6. Nf3 f5 7. 0-0 Nf6 8. Nd5 h6 9. Bd2 0-0 10. Bc3 Nxd5 11. cxd5 Nd4 12. Rc1 g5 13. Bxd4 exd4 14. Qa4 Qe8 15. Qxe8 Rxe8 16. Rxc7 Bf6 17. Rfc1 f4 18. Nd2 Bg4 19. Bf3 Bxf3 20. exf3 Bd8 21. Rxb7 Re5 22. Ne4 Rxd5 23. Rcc7 Bxc7 24. Nf6+ Kf8 25. Nxd5 Bd8 26. gxf4 Rc8 27. Rxa7 Rc5 28. Ra8 Rxd5 29. Rxd8+ Ke7 30. Rh8 gxf4 31. Rh7+ Kf6 32. Rxh6+ Kg5 33. Re6 Rb5 34. Rxd6 Rxb2 35. Rd5+ Kh4 36. Kg2 Rxa2 37. Rf5 Ra4 38. Rxf4+ Kg5 39. Re4 Kf5 40. f4 Kg4 41. h3+ Kh4 42. Kf3 Kxh3 43. f5 1-0

[Event "NED-chT 0809"]
[Site "Netherlands"]
[Date "2009.04.18"]
[Round "8.1"]
[White "Pliester, Leon"]
[Black "Pruijssers, Roeland"]
[Result "1-0"]
[WhiteElo "2383"]
[BlackElo "2458"]
[PlyCount "93"]
[EventDate "2008.09.27"]
[EventType "team-tourn"]
[EventRounds "9"]
[EventCountry "NED"]
[SourceTitle "EXT 2010"]
[Source "ChessBase"]
[SourceDate "2010.11.25"]
[SourceVersion "1"]
[SourceVersionDate "2010.11.25"]
[SourceQuality "1"]
[WhiteTeam "Bussum"]
[BlackTeam "Homburg Apeldoorn"]
[WhiteTeamCountry "NED"]
[BlackTeamCountry "NED"]

1. d4 Nf6 2. c4 g6 3. Nc3 Bg7 4. e4 d6 5. Nf3 0-0 6. Be2 e5 7. 0-0 Nc6 8. d5 Ne7 9. b4 Nh5 10. g3 f5 11. Ng5 Nf6 12. f3 f4 13. b5 Ne8 14. Rb1 fxg3 15. hxg3 h6 16. Ne6 Bxe6 17. dxe6 Qc8 18. Nd5 Qxe6 19. Nxe7+ Qxe7 20. Qd5+ Kh7 21. Qxb7 Nf6 22. Be3 Rab8 23. Qc6 Nh5 24. Kg2 Rb6 25. Qd5 Nf6 26. Qd2 Nd7 27. Rbd1 Nc5 28. Bxc5 dxc5 29. Qd7 Rf7 30. Qxe7 Rxe7 31. Rd5 Rd6 32. Rfd1 Red7 33. Rxd6 cxd6 34. Rd3 Bf6 35. Kf2 Kg7 36. Bf1 Be7 37. Bh3 Rc7 38. Be6 Kf6 39. Bd5 Bd8 40. Bc6 Be7 41. Ra3 Bf8 42. Ra6 Ke7 43. a4 Kd8 44. Bd5 Rg7 45. b6 axb6 46. Ra8+ Ke7 47. Rb8 1-0

[Event "NED-chT 0809"]
[Site "Netherlands"]
[Date "2009.03.28"]
[Round "7.4"]
[White "Pliester, Leon"]
[Black "Lemmers, Oscar"]
[Result "0-1"]
[WhiteElo "2383"]
[BlackElo "2388"]
[PlyCount "118"]
[EventDate "2008.09.27"]
[EventType "team-tourn"]
[EventRounds "9"]
[EventCountry "NED"]
[SourceTitle "EXT 2010"]
[Source "ChessBase"]
[SourceDate "2010.11.25"]
[SourceVersion "1"]
[SourceVersionDate "2010.11.25"]
[SourceQuality "1"]
[WhiteTeam "Bussum"]
[BlackTeam "Enschede ESGOO"]
[WhiteTeamCountry "NED"]
[BlackTeamCountry "NED"]

1. d4 d5 2. c4 c6 3. Nf3 Nf6 4. e3 Bg4 5. Qb3 Qb6 6. Ne5 Bf5 7. cxd5 Qxb3 8. axb3 Nxd5 9. Bd3 Bxd3 10. Nxd3 e6 11. e4 Nb4 12. Nxb4 Bxb4+ 13. Ke2 f5 14. Bd2 Be7 15. Nc3 0-0 16. d5 fxe4 17. dxe6 Rf6 18. Ra4 Rxe6 19. Rxe4 Rxe4+ 20. Nxe4 Nd7 21. Be3 Nf6 22. Nxf6+ Bxf6 23. Rd1 Bxb2 24. Rd7 b6 25. Kd3 Bf6 26. Rc7 c5 27. Kc4 Be5 28. Rb7 Bxh2 29. g3 Bg1 30. Kd3 h5 31. Ke2 h4 32. gxh4 Bh2 33. Kf3 Be5 34. h5 a5 35. Rxb6 c4 36. bxc4 a4 37. Ke4 Bf6 38. Bd4 Re8+ 39. Kd3 Rd8 40. Rxf6 gxf6 41. Kc3 Kf7 42. Bb6 Rb8 43. c5 Ke6 44. Kb4 Ra8 45. c6 a3 46. Bd4 a2 47. Ba1 Rc8 48. h6 Rxc6 49. h7 Rc8 50. Kb3 Ra8 51. Bd4 Kf5 52. Bc3 Kg6 53. h8Q Rxh8 54. Kxa2 Rb8 55. Bb2 Kg5 56. Kb1 Rc8 57. Bd4 f5 58. Kb2 Kg4 59. Kb3 Kf3 0-1

[Event "NED-chT 0809"]
[Site "Netherlands"]
[Date "2009.03.07"]
[Round "6.2"]
[White "Cuijpers, Frans Andre"]
[Black "Pliester, Leon"]
[Result "1-0"]
[WhiteElo "2497"]
[BlackElo "2383"]
[PlyCount "59"]
[EventDate "2008.09.27"]
[EventType "team-tourn"]
[EventRounds "9"]
[EventCountry "NED"]
[SourceTitle "EXT 2010"]
[Source "ChessBase"]
[SourceDate "2010.11.25"]
[SourceVersion "1"]
[SourceVersionDate "2010.11.25"]
[SourceQuality "1"]
[WhiteTeam "Rotterdam Schrijvers"]
[BlackTeam "Bussum"]
[WhiteTeamCountry "NED"]
[BlackTeamCountry "NED"]

1. e4 c5 2. Nf3 e6 3. d4 cxd4 4. Nxd4 Nf6 5. Nc3 Nc6 6. Ndb5 d6 7. Bf4 e5 8. Bg5 a6 9. Na3 b5 10. Nd5 Be7 11. Bxf6 Bxf6 12. c3 Ne7 13. Nxf6+ gxf6 14. Nc2 Bb7 15. Bd3 d5 16. exd5 Qxd5 17. Ne3 Qc5 18. Qc2 b4 19. Qa4+ Nc6 20. Be4 0-0 21. cxb4 Qb6 22. Nd5 Qd4 23. Nxf6+ Kg7 24. Bxc6 Bxc6 25. Qxc6 Qxb4+ 26. Kf1 Qh4 27. Ne4 Rac8 28. Qd5 Qf4 29. Nc3 Rfd8 30. Qf3 1-0

[Event "NED-chT 0809"]
[Site "Netherlands"]
[Date "2008.12.13"]
[Round "4.2"]
[White "Sokolov, Ivan"]
[Black "Pliester, Leon"]
[Result "1-0"]
[WhiteElo "2650"]
[BlackElo "2383"]
[PlyCount "46"]
[EventDate "2008.09.27"]
[EventType "team-tourn"]
[EventRounds "9"]
[EventCountry "NED"]
[SourceTitle "EXT 2010"]
[Source "ChessBase"]
[SourceDate "2010.11.25"]
[SourceVersion "1"]
[SourceVersionDate "2010.11.25"]
[SourceQuality "1"]
[WhiteTeam "Groningen Hotels"]
[BlackTeam "Bussum"]
[WhiteTeamCountry "NED"]
[BlackTeamCountry "NED"]

1. d4 d5 2. c4 e6 3. Nf3 c5 4. cxd5 exd5 5. g3 Nf6 6. Bg2 Be7 7. 0-0 0-0 8. Nc3 Nc6 9. Bg5 c4 10. Ne5 Be6 11. f4 Ng4 12. Nxg4 Bxg4 13. Bxd5 Bxg5 14. fxg5 Qxg5 15. Rf4 Be6 16. Bg2 Rad8 17. Kh1 Ne5 18. d5 Bg4 19. Qd4 Qh5 20. Qxa7 Rd6 21. Qd4 Re8 22. Raf1 Rh6 23. h4 Bd7 1-0

[Event "Oberliga NRW 0809"]
[Site "Germany"]
[Date "2008.10.12"]
[Round "2.5"]
[White "Pliester, Leon"]
[Black "Schebler, Gerhard"]
[Result "1/2-1/2"]
[WhiteElo "2383"]
[BlackElo "2453"]
[PlyCount "52"]
[EventDate "2008.09.21"]
[EventType "team-tourn"]
[EventRounds "9"]
[EventCountry "GER"]
[SourceTitle "EXT 2010"]
[Source "ChessBase"]
[SourceDate "2010.11.25"]
[SourceVersion "1"]
[SourceVersionDate "2010.11.25"]
[SourceQuality "1"]
[WhiteTeam "Bochum"]
[BlackTeam "Nord II"]
[WhiteTeamCountry "GER"]
[BlackTeamCountry "GER"]

1. d4 Nf6 2. c4 e6 3. Nc3 Bb4 4. Nf3 b6 5. Bg5 Bb7 6. e3 h6 7. Bh4 g5 8. Bg3 Ne4 9. Qc2 Bxc3+ 10. bxc3 d6 11. Bd3 Nxg3 12. fxg3 Qe7 13. 0-0 Nd7 14. Be4 Bxe4 15. Qxe4 0-0 16. Nd2 a5 17. Rab1 Rae8 18. Qb7 Rc8 19. Rf2 Kg7 20. Rbf1 f5 21. g4 Nf6 22. h3 Rb8 23. Qa7 Ra8 24. Qb7 Rab8 25. Qa7 Ra8 26. Qb7 Rab8 1/2-1/2

[Event "Bussum op"]
[Site "Bussum"]
[Date "2008.05.12"]
[Round "6"]
[White "Wustefeld, Emile"]
[Black "Pliester, Leon"]
[Result "1/2-1/2"]
[WhiteElo "2255"]
[BlackElo "2403"]
[PlyCount "92"]
[EventDate "2008.05.09"]
[EventType "swiss"]
[EventRounds "7"]
[EventCountry "NED"]
[SourceTitle "CBM 124 Extra"]
[Source "ChessBase"]
[SourceDate "2008.07.03"]
[SourceVersion "1"]
[SourceVersionDate "2008.07.03"]
[SourceQuality "1"]

1. e4 e5 2. Nc3 Nf6 3. Bc4 Nc6 4. d3 Na5 5. Nge2 Be7 6. a3 Nxc4 7. dxc4 d6 8. Qd3 0-0 9. 0-0 Nd7 10. Ng3 Nc5 11. Qe2 Ne6 12. Nf5 Bg5 13. Bxg5 Qxg5 14. Qe3 Qxe3 15. Nxe3 Bd7 16. Rad1 a6 17. g3 Rfe8 18. f3 Kf8 19. Kf2 b6 20. Rd2 Ra7 21. Rfd1 Rb8 22. Ncd5 Bc6 23. Nb4 Ba8 24. Nd3 f6 25. c3 a5 26. b3 b5 27. cxb5 Rxb5 28. Rb2 Bc6 29. Rdb1 Kf7 30. h4 Rb8 31. Ke2 h5 32. Kd2 g6 33. b4 axb4 34. axb4 Bd7 35. Nc2 f5 36. c4 fxe4 37. fxe4 Ke7 38. b5 Rf8 39. Ke3 g5 40. Ncb4 Ra3 41. Rf2 Rxf2 42. Kxf2 g4 43. Nd5+ Kd8 44. Rd1 Nd4 45. Ke3 Ra1 46. Rd2 Nf3 1/2-1/2

[Event "Bussum op"]
[Site "Bussum"]
[Date "2008.05.10"]
[Round "3"]
[White "Pliester, Leon"]
[Black "De Groote, Ewoud"]
[Result "1-0"]
[WhiteElo "2403"]
[BlackElo "2241"]
[PlyCount "71"]
[EventDate "2008.05.09"]
[EventType "swiss"]
[EventRounds "7"]
[EventCountry "NED"]
[SourceTitle "CBM 124 Extra"]
[Source "ChessBase"]
[SourceDate "2008.07.03"]
[SourceVersion "1"]
[SourceVersionDate "2008.07.03"]
[SourceQuality "1"]

1. d4 Nf6 2. c4 e6 3. Nc3 Bb4 4. e3 b6 5. Nf3 Bb7 6. Bd3 0-0 7. 0-0 d5 8. cxd5 exd5 9. Ne5 Bd6 10. f4 c5 11. Bd2 Nc6 12. Rc1 cxd4 13. Nxc6 Bxc6 14. exd4 a6 15. Be1 Be7 16. Bf2 Re8 17. Qc2 Qd6 18. Rfe1 b5 19. a3 Bb7 20. Re5 h6 21. Qe2 Bf8 22. Re1 Rec8 23. Bb1 Qb6 24. Qd3 g6 25. Qg3 Bg7 26. Bxg6 fxg6 27. Qxg6 Nd7 28. Re6 Rc6 29. Nxd5 Rxe6 30. Rxe6 Qd8 31. Re7 Qf8 32. Rxd7 Bxd5 33. Rxd5 Qxf4 34. Qe6+ Kh8 35. g3 Qf8 36. Rf5 1-0

[Event "Utrecht OKU op"]
[Site "Utrecht"]
[Date "2007.06.09"]
[Round "4.5"]
[White "Blok, Michiel"]
[Black "Pliester, Leon"]
[Result "0-1"]
[WhiteElo "2236"]
[BlackElo "2370"]
[PlyCount "52"]
[EventDate "2007.06.08"]
[EventType "swiss"]
[EventRounds "6"]
[EventCountry "NED"]
[SourceTitle "CBM 118 Extra"]
[Source "ChessBase"]
[SourceDate "2007.07.04"]
[SourceVersion "1"]
[SourceVersionDate "2007.07.04"]
[SourceQuality "1"]

1. d4 Nf6 2. c4 e6 3. Nc3 Bb4 4. a3 Bxc3+ 5. bxc3 c5 6. e3 0-0 7. Bd3 Nc6 8. Ne2 b6 9. 0-0 Ba6 10. e4 Ne8 11. f4 f5 12. dxc5 bxc5 13. Ng3 g6 14. Be3 Qa5 15. exf5 gxf5 16. Rc1 Rf7 17. Be2 Rb8 18. Re1 Qb6 19. Bh5 Rg7 20. Nxf5 exf5 21. Qd5+ Kh8 22. Bxc5 Qb2 23. Bxe8 Ne7 24. Bxe7 Bb7 25. Rb1 Rxg2+ 26. Qxg2 Qxg2# 0-1